000 00589cam a2200205 4500
001 sa 68018081
003 DLC
005 20260227112708.0
008 710830q19001971ii a 000 0 eng
010 _asa 68018081
025 _aPL480:I-E-6270
040 _aDLC
_cDLC
_dDLC
050 0 0 _aND1010.P3
_bS47
100 1 _aPadamsee, Akbar,
_d1928-
245 0 0 _aPadamsee.
_cText by Shamlal.
260 _a[Bombay,
_bVakil,
_c19--]
300 _a43 p.
_billus. (part col.)
_c24 cm.
490 0 _aSadanga series by Vakils on modern and contemporary Indian art
700 0 _aShamlal,
_d1912-2007.
999 _c88165
_d88165